Budapest, mint "okos város"

Bibliográfiai részletek
Szerző: Szakszon Szandra
További közreműködők: Gubán Dr. Ákos
Dokumentumtípus: Diplomadolgozat
Kulcsszavak:okos város
Budapest
smart city
Online Access:http://dolgozattar.uni-bge.hu/13916

MARC

LEADER 00000nta a2200000 i 4500
001 dolg13916
005 20171216124146.0
008 171216suuuu hu om 000 hun d
040 |a BGE Dolgozattár Repozitórium  |b hun 
041 |a hu 
100 1 |a Szakszon Szandra 
245 1 0 |a Budapest, mint "okos város"  |c Szakszon Szandra  |h [elektronikus dokumentum] 
695 |a okos város 
695 |a Budapest  
695 |a smart city 
700 1 |a Gubán Dr. Ákos  |e ths 
856 4 0 |u http://dolgozattar.uni-bge.hu/13916/1/Szakdolgozat_%20Szakszon_Szandra_Nyilatkozattal.pdf  |z Dokumentum-elérés